000 00779cab a2200241 4500
001 ABS48738
008 090401t1993 xxu||||| |||| 00| 0 eng d
035 _a(Sirsi) u68355
041 _aeng
100 _aLowry, M.
245 _aNew horizons for the rural surveyor
260 _c1993
350 _a0
490 _aRural Practice Bulletin
_vMarch/April 1993, 2-5(4)
520 _aLooks at the changing perception of the rural surveyor, why the traditional market for his/her skills is contracting and the ways in which the surveyor will have to adapt to fit into the new markets.
650 _aBS 5750
650 _aABOUT RICS-RICS MEMBERS
650 _aRURAL MARKET
650 _aRURAL PRACTICE
690 _aRURAL PRACTICE
942 _n0
948 _c04/03/1997
999 _c42891
_d42891